00238nam a22000977a 4500020001800000100002400018245002700042260003300069300001600102490002200118 a9780679890614 a Mary Pope Osborne  aViking ship at sunrise aNew YorkbRandom Housec1998 a78 pgsbill aMagic Tree House.